00876cas a22002297a 450000500170000000800410001701000100005801100100006802200140007803500100009224500860010226000700018830000070025831000140026536200190027965000680029865000460036686600600041286600600047286600570053286600570058920231010062647.0990413c1978 us fr p rnn 0 0b1eng d a77489 a784610 a1058-7195 a8842500aReview of Agricultural Economicsc/by American Agricultural Economics Association0 aAmes, Iowa :bAmerican Agricultural Economics Association,c1978- av. aSemestral1 av.20 n.2, 199814aAgriculturaxAspectos económicosxPublicaciones periódicas.17aAgriculturaxPublicaciones periódicas2 av. 20 n. 1 ( Summer-Fall) - v. 24 n. 2 ( Winter-Spring) av. 25 n. 1 ( Summer-Fall) - v. 25 n. 2 ( Winter-Spring) av. 28 n. 1 (March 2006) - v. 28 n. 4 (December 2006) av. 29 n. 1 (March 2007) - v. 29 n. 4 (December 2007)